| 000 | 00805nab a2200253 a 4500 | ||
|---|---|---|---|
| 005 | 20210219162051.0 | ||
| 008 | 991125s1985 mx 000 0 spa u | ||
| 035 | _aUPN01000197106 | ||
| 049 | _aART | ||
| 100 | 1 | _aGálvez Medrano, Arturo R. | |
| 100 | 1 | _uamedrano@ correo.xoc.uam.mx | |
| 222 |
_aARGUMENTOS : _bESTUDIOS CRITICOS DE LA SOCIEDAD |
||
| 245 | _a1810 y el fantasma de la libertad | ||
| 260 | _aMéxico | ||
| 300 | _a243-263 | ||
| 362 | 0 | _a2009 Año 22, no. 60, may.-ago. | |
| 653 | 0 | _aCOLONIALISMO | |
| 653 | 0 | _aIGLESIA | |
| 653 | 0 | _aLECTURA | |
| 653 | 0 | _aLIBERTAD | |
| 653 | 0 | _aINDEPENDENCIA DE MEXICO, 1810-1821 | |
| 856 | _uhttp://argumentos.xoc.uam.mx/BUSQUEDA.php?indice=AUTOR&terminos=G%C3%A1lvez%20Medrano,%20Arturo&pagina=1&indice_resultados=0 | ||
| 905 | _aArticulo | ||
| 999 |
_c169207 _d169207 |
||